Loading...
Biohydrogen :for future engine fuel demands
| Main Author: | |
|---|---|
| Format: | Printed Book |
| Language: | English |
| Published: |
Springer
2009
|
| Series: | Green energy and technology
|
| LEADER | 00524 a2200145 4500 | ||
|---|---|---|---|
| 005 | 20151028162521.0 | ||
| 008 | 101130t xxu||||| |||| 00| 0 eng d | ||
| 020 | |a 1848825102 | ||
| 100 | |a Demirbas,Ayhan |9 29607 | ||
| 245 | |a Biohydrogen |b :for future engine fuel demands | ||
| 260 | |b Springer |c 2009 | ||
| 490 | |a Green energy and technology |x 1865-3529 | ||
| 942 | |c BK |6 _ | ||
| 999 | |c 82172 |d 82172 | ||
| 952 | |0 0 |1 0 |2 ddc |4 0 |6 6628_P9 |7 0 |8 NFIC |9 98862 |a SOS |b SOS |c GEN |d 2010-11-30 |e 23 |g 8251.83 |h 1 |o 662.8 P9 |p MS014800 |r 2013-06-14 |v 129.95 |w 2010-11-30 |y BK | ||